[Event "Daehne Cup Region VII"]
[Site "Hannover"]
[Date "2013.05.30"]
[Round "1"]
[White "Mumm, Karen"]
[Black "Degro, Heiko"]
[Result "0-1"]
[WhiteElo "1310"]
[BlackElo "1983"]
[PlyCount "84"]
[EventDate "2013.05.30"]
[EventType "k.o."]
[EventRounds "5"]
[EventCountry "GER"]
[SourceTitle "EXT 2022"]
[Source "ChessBase"]
[SourceDate "2021.10.06"]
[SourceVersion "1"]
[SourceVersionDate "2021.10.06"]
[SourceQuality "1"]

1. e4 c5 2. Nf3 d6 3. d4 cxd4 4. Nxd4 Nf6 5. Nc3 Nc6 6. Be2 g6 7. 0-0 Bg7 8. Nf3 0-0 9. Rb1 Bd7 10. Bd2 Rc8 11. a3 Ng4 12. h3 Nge5 13. Nd5 Nxf3+ 14. Bxf3 Ne5 15. Be2 Nc4 16. Bc3 Bxc3 17. Nxc3 Nxa3 18. bxa3 Rxc3 19. Rb3 Rxb3 20. cxb3 Bc6 21. f3 a5 22. a4 Qc7 23. Bc4 e6 24. Kh1 Rd8 25. Qc2 Qb6 26. Bd3 Qe3 27. Qe2 Qxe2 28. Bxe2 g5 29. Rd1 Kf8 30. e5 Ke7 31. exd6+ Rxd6 32. Rc1 Rd2 33. Bc4 h5 34. Bb5 Kd6 35. Bxc6 bxc6 36. Rc3 c5 37. g3 Kd5 38. Kg1 Rd4 39. Kf2 f5 40. Ke2 h4 41. g4 f4 42. b4 Rxb4 0-1

[Event "Gatwick e2e4 op"]
[Site "Crawley"]
[Date "2013.04.07"]
[Round "5"]
[White "Degro, Heiko"]
[Black "Tarhon, Brian"]
[Result "1-0"]
[WhiteElo "2060"]
[BlackElo "1863"]
[PlyCount "85"]
[EventDate "2013.04.05"]
[EventType "swiss"]
[EventRounds "5"]
[EventCountry "ENG"]
[SourceTitle "CBM 153 Extra"]
[Source "ChessBase"]
[SourceDate "2013.04.22"]
[SourceVersion "1"]
[SourceVersionDate "2013.04.22"]
[SourceQuality "1"]

1. e4 c5 2. c3 Nf6 3. e5 Nd5 4. d4 cxd4 5. Qxd4 Nb6 6. Nf3 Nc6 7. Qe4 d5 8. exd6 Qxd6 9. Bf4 Qe6 10. Nbd2 Nd5 11. Qxe6 Bxe6 12. Bg3 h6 13. Nb3 0-0-0 14. Nfd4 Bd7 15. 0-0-0 Nxd4 16. Nxd4 e6 17. Bc4 Nb6 18. Be2 Bc5 19. Nb5 Bxb5 20. Bxb5 Rxd1+ 21. Rxd1 Rd8 22. Rxd8+ Kxd8 23. Be2 Nc8 24. f3 Nd6 25. Bd3 Kd7 26. Kd2 Nf5 27. Bxf5 exf5 28. Kd3 g5 29. b3 f4 30. Be1 f5 31. c4 Ke6 32. Bc3 b6 33. b4 Be7 34. a3 h5 35. Bd4 Bf8 36. Kc3 Be7 37. a4 Kd7 38. c5 bxc5 39. Bxc5 Bf6+ 40. Kc4 a6 41. Kd5 Bc3 42. b5 axb5 43. axb5 1-0

[Event "WC-2015-Q-00004"]
[Site "LSS email"]
[Date "2012.09.11"]
[Round "?"]
[White "Henrichs, Thomas"]
[Black "Degro, Heiko"]
[Result "1-0"]
[WhiteElo "2282"]
[BlackElo "2171"]
[PlyCount "91"]
[EventDate "2012.09.17"]
[EventType "tourn (corr)"]
[EventRounds "10"]
[EventCountry "GER"]
[SourceTitle "Telechess CBM 163"]
[Source "ChessBase"]
[SourceDate "2014.11.11"]
[SourceVersion "2"]
[SourceVersionDate "2014.11.11"]
[SourceQuality "1"]

1. e4 c6 2. d4 d5 3. e5 Bf5 4. Nf3 e6 5. Be2 Nd7 6. 0-0 Ne7 7. Nbd2 Nc8 8. c3 Be7 9. Ne1 0-0 10. Bd3 Bxd3 11. Nxd3 Re8 12. Re1 c5 13. Qg4 cxd4 14. cxd4 Bf8 15. Nf3 Ne7 16. Qh3 Qb6 17. Rd1 Rac8 18. Kh1 a5 19. Ng5 h6 20. Nf3 Rc2 21. g4 Rec8 22. Be3 Qb5 23. Rab1 b6 24. a3 R2c6 25. g5 h5 26. g6 fxg6 27. b4 Nf5 28. Nf4 Be7 29. Nxg6 Nf8 30. Nf4 Qa4 31. bxa5 Qc2 32. Nxh5 Qe4 33. Qg2 Ng6 34. axb6 Rb8 35. Rg1 Rcxb6 36. Rbe1 Rb3 37. a4 Kf8 38. Nxg7 Nxg7 39. Bh6 Qxf3 40. Qxf3+ Rxf3 41. Rxg6 Rh3 42. Bxg7+ Kf7 43. Reg1 Rb1 44. a5 Rxg1+ 45. Rxg1 Bd8 46. a6 1-0

[Event "WC-2015-Q-00004"]
[Site "LSS email"]
[Date "2012.09.11"]
[Round "?"]
[White "Hoeppenstein, Michael"]
[Black "Degro, Heiko"]
[Result "1-0"]
[WhiteElo "2326"]
[BlackElo "2171"]
[PlyCount "121"]
[EventDate "2012.09.17"]
[EventType "tourn (corr)"]
[EventRounds "10"]
[EventCountry "GER"]
[SourceTitle "Telechess CBM 163"]
[Source "ChessBase"]
[SourceDate "2014.11.11"]
[SourceVersion "2"]
[SourceVersionDate "2014.11.11"]
[SourceQuality "1"]

1. d4 Nf6 2. c4 c5 3. d5 b5 4. Nf3 bxc4 5. Nc3 d6 6. e4 Nbd7 7. Bxc4 g6 8. Bb5 Qc7 9. Bf4 Bg7 10. e5 Nh5 11. exd6 exd6 12. Qe2+ Kf8 13. Be3 Bb7 14. 0-0 Kg8 15. Rfd1 Nb6 16. Rac1 Rb8 17. Bc6 Bxc6 18. dxc6 Qxc6 19. Qb5 Qxb5 20. Nxb5 Bxb2 21. Rc2 Na4 22. Nxd6 Kg7 23. g4 Nf6 24. g5 Nh5 25. Nc4 Rhe8 26. Rd7 a6 27. Nxb2 Rxb2 28. Rxb2 Nxb2 29. Bxc5 Nc4 30. Bd4+ Kg8 31. Kf1 Rc8 32. Ne5 Nxe5 33. Bxe5 Ra8 34. a4 Ng7 35. a5 Nf5 36. Kg2 Kf8 37. Rc7 Ke8 38. Bf6 Nd6 39. Kf3 Nb5 40. Re7+ Kf8 41. Rb7 Ke8 42. Be5 Ra7 43. Rb8+ Kd7 44. Rb6 Na3 45. Rf6 Ke8 46. Ke4 Nc4 47. Bc3 Na3 48. Kd5 Ra8 49. Be5 Rd8+ 50. Kc5 Rc8+ 51. Rc6 Ra8 52. Kb6 Nb5 53. f4 Kd7 54. Rf6 Ke7 55. Kb7 Ra7+ 56. Kb8 Rd7 57. Rxa6 Rd8+ 58. Kb7 Rd7+ 59. Kb6 Rd5 60. Ra8 Nd6 61. a6 1-0

[Event "CP-2009-S-00002"]
[Site "LSS email"]
[Date "2012.05.08"]
[Round "?"]
[White "Kurowski, Andrzej"]
[Black "Degro, Heiko"]
[Result "1/2-1/2"]
[WhiteElo "2038"]
[BlackElo "2159"]
[PlyCount "53"]
[EventDate "2012.05.11"]
[EventType "tourn (corr)"]
[EventRounds "6"]
[EventCountry "GER"]
[SourceTitle "Telechess CBM 161"]
[Source "ChessBase"]
[SourceDate "2014.07.16"]
[SourceVersion "1"]
[SourceVersionDate "2014.07.16"]
[SourceQuality "1"]

1. d4 d5 2. Nf3 c5 3. c4 e6 4. cxd5 exd5 5. Nc3 Nc6 6. g3 Nf6 7. Bg2 Be7 8. 0-0 0-0 9. Bg5 c4 10. Ne5 Be6 11. b3 h6 12. Bxf6 Bxf6 13. Nxc6 bxc6 14. bxc4 dxc4 15. e3 Qa5 16. Rc1 Rac8 17. Qa4 Qxa4 18. Nxa4 Be7 19. Nb2 Ba3 20. Rc2 Bxb2 21. Rxb2 Rc7 22. f4 g6 23. Rc1 Kg7 24. Rbc2 Rfc8 25. g4 f5 26. h3 h5 27. g5 1/2-1/2

[Event "Oberliga Nord W 1112"]
[Site "Germany"]
[Date "2012.04.15"]
[Round "9.8"]
[White "Degro, Heiko"]
[Black "Meessen, Max"]
[Result "1/2-1/2"]
[WhiteElo "2061"]
[BlackElo "2161"]
[PlyCount "121"]
[EventDate "2011.10.02"]
[EventType "team-tourn"]
[EventRounds "9"]
[EventCountry "GER"]
[SourceTitle "EXT 2013"]
[Source "ChessBase"]
[SourceDate "2012.11.22"]
[SourceVersion "1"]
[SourceVersionDate "2012.11.22"]
[SourceQuality "1"]
[WhiteTeam "Hannover"]
[BlackTeam "Oldenburg Union"]
[WhiteTeamCountry "GER"]
[BlackTeamCountry "GER"]

1. c4 e5 2. Nc3 Nf6 3. Nf3 Nc6 4. g3 Nd4 5. Bg2 Nxf3+ 6. Bxf3 Bb4 7. Qb3 Bc5 8. d3 0-0 9. Bg5 h6 10. Bxf6 Qxf6 11. Ne4 Qe7 12. Nxc5 Qxc5 13. 0-0 c6 14. Qc3 a5 15. a3 a4 16. e3 d6 17. d4 Qa5 18. Rac1 Be6 19. Qxa5 Rxa5 20. dxe5 dxe5 21. Rfd1 Rc5 22. Be2 Rc8 23. Rc3 Kf8 24. Kf1 Ke7 25. Ke1 Rb8 26. Rdc1 Rd8 27. Rd1 Rb8 28. Rdc1 Rd8 29. Rd1 Rxd1+ 30. Kxd1 e4 31. b4 axb3 32. Rxb3 b5 33. Rb4 Bxc4 34. Bxc4 bxc4 35. h4 h5 36. Kd2 Kd6 37. Kc3 Rf5 38. Rxc4 Rxf2 39. Rxe4 Rf3 40. g4 hxg4 41. Rxg4 Rxe3+ 42. Kd2 Rxa3 43. Rxg7 Rf3 44. Ke2 Rf5 45. Ke3 Ke6 46. Rh7 Ke5 47. Rh8 Kd5 48. h5 c5 49. h6 Rh5 50. Rf8 Rxh6 51. Rxf7 Rd6 52. Rf1 Kc6 53. Rc1 Rd4 54. Rc3 Kb5 55. Rc1 Kc6 56. Rc3 Kd5 57. Rd3 Kc4 58. Rxd4+ cxd4+ 59. Kd2 d3 60. Kd1 Kc3 61. Kc1 1/2-1/2